1513 1380 1596 1549 1578 1255 1371 1610 1979 1525 1926 1590 1141 1259 1687 1231 1378 1025 1004 1941 1203 1106 1212 1636 1482 1089 1902 1720 1198 1702 1336 1084 1544 1689 1685 1131 1824 1464 1954 1227 1260 1844 1996 1204 1542 1079 1839 1593 1274 1931 1911 1848 1299 1771 1410 1690 1313 1832 1095 1502 1942 1516 1745 1163 1390 1979 1156 1034 1136 1709 1803 1216 1931 1424 1084 1665 1507 1808 1288 1271 1064 1979 1075 1676 1819 1758 1783 1737 1023 1741 1087 1134 1585 1847 1912 1552 1368 1197 1544 BCNSPRNW ULIB Ver.6.0+V

เปลี่ยนเป็นภาษาไทย

Change to English
 แสดงรายละเอียดบรรณานุกรม
  กลับหน้าหลัก

Brief Record : Get Marc (ISO 2709) : E-mail record : QR code < ปิดหน้าต่าง
LEADER : 00000nam 2200000uu 4500
001    13399123757
003     ULIB
008    141125s2556||||th 000 0 tha d
020    ^a9789747473353
060  4 ^aQX4^bส732ภ
100 0  ^aสิริมา กิจวัฒนชัย
245 10 ^aภาพสีปรสิตวิทยาและสัตว์ขาข้อทางการแพทย์พร้อมคำบรรยาย =^bMedical parasitology and arthropods with color pictures /^cสิริมา กิจวัฒนชัย
246 31 ^aMedical parasitology and arthropods with color pictures.
250    ^aพิมพ์ครั้งที่ 2(ปรับปรุง)
260    ^aกรุงเทพฯ :^bมิสเตอร์ก๊อบปี้,^c2556.
300    ^a176 หน้า :^bภาพประกอบ
650  7 ^aสัตว์ขาข้อ^xการบันทึกภาพด้วยรังสี
650  7 ^aปรสิตวิทยาทางการแพทย์^xการบันทึกภาพด้วยรังสี
945    ^p285^l0^i21941
945    ^p285^l0^i21942
945    ^p285^l0^i21943
945    ^p285^l0^i21944
945    ^p285^l0^i21945
999    ^aทศพร เกษรทอง
รายการนี้ยังไม่มีแท็ก
คุณยังไม่ได้ล็อกอิน คุณสามารถมีกิจกรรมร่วมกับเว็บไซต์ได้ แต่ต้องล็อกอินก่อน ::
  ล็อกอิน

รายการสื่อสารสนเทศ

ลำดับที่ ประเภท เลขเรียก/บาร์โค้ด สถานที่ สถานะ
1. วิทยาศาสตร์การแพทย์ และสุขภาพ
วิทยาศาสตร์การแพทย์ และสุขภาพ
สถานะ=หนังสือเก่า
QX4 ส732ภ ฉ.1 
  Barcode: 21941
ห้องสมุดวิทยาเขตนครสวรรค์
►ส่วนจัดเก็บหนังสือเก่า นว.
บนชั้น
  ขอยืม
2. วิทยาศาสตร์การแพทย์ และสุขภาพ
วิทยาศาสตร์การแพทย์ และสุขภาพ
สถานะ=หนังสือเก่า
QX4 ส732ภ ฉ.2 
  Barcode: 21942
ห้องสมุดวิทยาเขตนครสวรรค์
►ส่วนจัดเก็บหนังสือเก่า นว.
บนชั้น
  ขอยืม
3. วิทยาศาสตร์การแพทย์ และสุขภาพ
วิทยาศาสตร์การแพทย์ และสุขภาพ
สถานะ=หนังสือเก่า
QX4 ส732ภ ฉ.3 
  Barcode: 21943
ห้องสมุดวิทยาเขตนครสวรรค์
►ส่วนจัดเก็บหนังสือเก่า นว.
บนชั้น
  ขอยืม
4. วิทยาศาสตร์การแพทย์ และสุขภาพ
วิทยาศาสตร์การแพทย์ และสุขภาพ
สถานะ=หนังสือเก่า
QX4 ส732ภ ฉ.4 
  Barcode: 21944
ห้องสมุดวิทยาเขตนครสวรรค์
►ส่วนจัดเก็บหนังสือเก่า นว.
บนชั้น
  ขอยืม
5. วิทยาศาสตร์การแพทย์ และสุขภาพ
วิทยาศาสตร์การแพทย์ และสุขภาพ
สถานะ=หนังสือเก่า
QX4 ส732ภ ฉ.5 
  Barcode: 21945
ห้องสมุดวิทยาเขตนครสวรรค์
►ส่วนจัดเก็บหนังสือเก่า นว.
บนชั้น
  ขอยืม

รายการใกล้เคียง
    ผู้แต่ง [สิริมา กิจวัฒนชัย]

BibComment


ยังไม่เคยถูกคอมเมนท์

คอมเมนท์ทรัพยากรรายการนี้
  คอมเมนท์: ภาพสีปรสิตวิทยาแ..


 Copyright 2026. Bcnsprnw @Library